[Event "WchT U20 3rd"]
[Site "Rio de Janeiro"]
[Date "2000.08.07"]
[Round "1"]
[White "Espinoza, Edgar"]
[Black "Vuckovic, Bojan"]
[Result "1/2-1/2"]
[WhiteElo "2084"]
[BlackElo "2444"]
[PlyCount "104"]
[EventDate "2000.08.??"]
[EventType "team"]
[EventRounds "5"]
[EventCountry "BRA"]
[SourceTitle "EXT 2004"]
[Source "ChessBase"]
[SourceDate "2003.11.25"]
[SourceVersion "1"]
[SourceVersionDate "2003.11.25"]
[SourceQuality "1"]

1. e4 c5 2. Nf3 d6 3. d4 cxd4 4. Nxd4 Nf6 5. Nc3 Nc6 6. Be2 g6 7. Be3 Bg7 8. Qd2 0-0 9. 0-0-0 Bd7 10. h4 h5 11. f3 Ne5 12. g4 Rc8 13. gxh5 Nxh5 14. Bh6 Nc4 15. Bxc4 Rxc4 16. Bxg7 Kxg7 17. Rdg1 Qb6 18. Nf5+ Bxf5 19. exf5 Qd4 20. Rg4 Qxd2+ 21. Kxd2 Rf4 22. Re1 Rxf5 23. Rxe7 Rxf3 24. Rxb7 a5 25. Ne4 Nf6 26. Nxf6 Kxf6 27. Rb5 Rc8 28. c4 a4 29. Rd4 Kg7 30. Ra5 Rb8 31. Rb5 Rh8 32. Rbd5 Rh3 33. Rxd6 Rb8 34. Kc1 Rh1+ 35. Kc2 Rh2+ 36. Rd2 Rxh4 37. Kc3 g5 38. Rf2 Rc8 39. Rd4 Kg6 40. b4 axb3 41. axb3 Rh3+ 42. Rd3 g4 43. b4 f5 44. b5 Kg5 45. Rxh3 gxh3 46. b6 Kg4 47. b7 Rb8 48. Rb2 Kg3 49. c5 h2 50. Rxh2 Rxb7 51. c6 Rc7 52. Rh6 f4 1/2-1/2

[Event "Rio de Janeiro tt U20"]
[Site "Rio de Janeiro"]
[Date "1999.??.??"]
[Round "3"]
[White "Achutti, Andre"]
[Black "Espinoza, Edgar"]
[Result "0-1"]
[WhiteElo "2044"]
[BlackElo "2065"]
[PlyCount "58"]
[EventDate "1999.??.??"]
[EventType "team"]
[EventRounds "5"]
[EventCountry "BRA"]
[SourceTitle "EXT 2001"]
[Source "ChessBase"]
[SourceDate "2000.11.22"]
[SourceVersion "1"]
[SourceVersionDate "2000.11.22"]
[SourceQuality "1"]

1. e4 d6 2. d4 g6 3. Nc3 Bg7 4. Be2 Nf6 5. h4 c5 6. dxc5 Qa5 7. Kf1 Qxc5 8. Be3 Qa5 9. h5 gxh5 10. Nh3 Nc6 11. Nf4 Be6 12. Bxh5 Nxh5 13. Rxh5 Qa6+ 14. Kg1 Bxc3 15. bxc3 0-0-0 16. Nxe6 fxe6 17. Qd3 Qa4 18. Rb5 Rhg8 19. f4 e5 20. f5 Rg4 21. c4 Rdg8 22. Rab1 Rxg2+ 23. Kf1 Qxc2 24. Qxc2 Rxc2 25. Rxb7 Rg3 26. Bxa7 Rf3+ 27. Kg1 Rxa2 28. Bb8 Rg3+ 29. Kh1 Nd4 0-1